Swelling of nitrile rubber vulcanizates. Part 3. Factors affecting maximum swelling (Record no. 70100)

MARC details
000 -LEADER
fixed length control field 00561nam a2200193Ia 4500
100 ## - MAIN ENTRY--AUTHOR NAME
Personal name Starmer Philip H
245 #0 - TITLE STATEMENT
Title Swelling of nitrile rubber vulcanizates. Part 3. Factors affecting maximum swelling
260 ## - PUBLICATION, DISTRIBUTION, ETC. (IMPRINT)
Name of publisher Journal of Elastomers and Plastics
Year of publication 1993
300 ## - PHYSICAL DESCRIPTION
Number of Pages 188-215
650 ## - SUBJECT ADDED ENTRY--TOPICAL TERM
Topical Term acid-base interactions
650 ## - SUBJECT ADDED ENTRY--TOPICAL TERM
Topical Term Acrylonitrile
650 ## - SUBJECT ADDED ENTRY--TOPICAL TERM
Topical Term Butadiene polymers
650 ## - SUBJECT ADDED ENTRY--TOPICAL TERM
Topical Term Molar volume
650 ## - SUBJECT ADDED ENTRY--TOPICAL TERM
Topical Term Nitrile rubber
650 ## - SUBJECT ADDED ENTRY--TOPICAL TERM
Topical Term Polarity index
650 ## - SUBJECT ADDED ENTRY--TOPICAL TERM
Topical Term Solvents
942 ## - ADDED ENTRY ELEMENTS (KOHA)
Koha item type Journals
Holdings
Withdrawn status Lost status Damaged status Not for loan Home library Current library Date acquired Serial Enumeration / chronology Koha item type
      Journals RRII Library RRII Library 17/12/2021 Volume 25, Issue 3 Journals